Online Catalogue and eLibrary

Sri lankawe paraniadyapana ithihasaya (Record no. 5244)

MARC details
000 -LEADER
fixed length control field 00425nam a2200157Ia 4500
005 - DATE AND TIME OF LATEST TRANSACTION
control field 20250627023405.0
008 - FIXED-LENGTH DATA ELEMENTS--GENERAL INFORMATION
fixed length control field 240331s9999 xx 000 0 und d
020 ## - INTERNATIONAL STANDARD BOOK NUMBER
ISBN 9552028205
082 ## - DDC Classification
Item Number - Author Mark JAY
Class No. 370
100 ## - MAIN ENTRY--PERSONAL NAME
Personal name Jayasekara,U.D
245 #0 - TITLE STATEMENT
Title Sri lankawe paraniadyapana ithihasaya
260 ## - PUBLICATION, DISTRIBUTION, ETC.
Place of publication, distribution, etc. Colombo
Name of publisher, distributor, etc. S. Gogage & Brothers
Date of publication, distribution, etc. 1999
300 ## - PHYSICAL DESCRIPTION
Extent (e.g. Volumes, Pages etc.) 320 p .,
500 ## - GENERAL NOTE
General note Ancient educational history of Sri Lanka
942 ## - Koha item type (Biblio)
Koha item type Books in Stacks (Lending)
Holdings
Lost status Damaged status Collection code Home library Current library Shelving location Date acquired Full call number Accession Number Item type
    Lending WERC Library WERC Library Social Science Cupboard 03/31/2024 370 JAY 4788 Books in Stacks (Lending)

© WERC Library